000 01092nam a22002777a 4500
003 dpl
005 20180625163741.0
008 180625b xxu||||| |||| 00| 0 eng d
010 _aB-065643, B-065647
020 _c125.00
_a8185309396
035 _aB-065643
037 _bCen Lib/Ret
040 _aDPL
_bHN
_c0
082 _a
_bदिवाक
100 _aदिवाकर, रामधारी सिंह
_96750
245 _aटूटते दायरे /
_cरामधारी सिंह दिवाकर
246 _aTootte dayre /
_bby Ramdhari SIngh Divakar
260 _aगाज़ियाबाद
_bअमित प्रकाशन
_c2002
270 _aके.बी.97, कविनगर
_bगाज़ियाबाद
_e201002
300 _a144पृ.
_c20सेमी(सजिल्द)
650 _aहिंदी साहित्य
_961328
650 _aहिंदी उपन्यास
_961329
650 _aHindi literature
_961330
650 _aHindi fiction
_927248
942 _2ddc
_cHN
_h
_mदिवाक
999 _c115412
_d115412